Montaje, ajuste, verificación de elementos de máquinas: aspectos de las piezas, función que realizan y modo de acoplarlas

Gardado en:
Detalles Bibliográficos
Autor Principal: Schröck, Joseph (Author)
Formato: Libro
Idioma:Lingua castelá
Publicado: Barcelona Reverté 1965
Subjects:
Tags: Engadir etiqueta
Sen Etiquetas, Sexa o primeiro en etiquetar este rexistro!

MARC

LEADER 00000nam a2200000 a 4500
001 UCP1795
003 CL-VaPUC
008 990426e19650000SP |||||||||||||||||spa|d
082 0 4 |a 621.81  |b SCH  |2 21 
100 0 |a Schröck, Joseph  |e author  |9 428076 
245 1 0 |a Montaje, ajuste, verificación de elementos de máquinas: aspectos de las piezas, función que realizan y modo de acoplarlas 
300 |a 309 p 
942 |c BK 
945 |d 19990426 00:00:00  |a cmena 
260 |a Barcelona  |b Reverté  |c 1965 
650 0 |a Máquinas herramientas  |9 262583 
650 7 |a ELEMENTOS DE MAQUINAS  |2 CL-VaPUC  |9 428077 
650 0 |a Montaje  |9 310689 
583 |a last modification  |c 19990426 00:00:00  |k Rodrigo Vera 
999 |c 280433  |d 280431 
952 |0 0  |1 0  |4 0  |6 621_810000000000000_SCH_1965  |7 0  |8 A  |9 320734  |a BIBMEC  |b BIBMEC  |d 2019-11-20  |i 1342436  |o 621.81 SCH 1965  |p 1342436  |r 2024-01-19  |w 2019-11-20  |y BK  |k MEC